Методы математической физики. Асимптотические методы в релятивистской квантовой механике: учебное пособие

Podrobná bibliografie
Hlavní autor: Багров В. Г. Владислав Гаврилович
Korporace: Томский политехнический университет, Томский государственный университет, Институт естественных наук и экологии (ИНЕСНЭК), Московский государственный институт электроники и математики (технический университет)
Další autoři: Белов В. В. Владимир Владимирович, Трифонов А. Ю. Андрей Юрьевич
Shrnutí:Настоящее пособие представляет собой дополнительные главы курса «Методы математической физики» и содержит материал по специальным разделам этого курса: методу канонического оператора Маслова, комплексному методу ВКБ-Маслова и его приложениям к релятивистской квантовой механике. Предлагаемое пособие может быть полезно студентам старших курсов, магистрантам и аспирантам, специализирующимся в области теоретической и математической физики.
Jazyk:ruština
Vydáno: Томск, Изд-во ТПУ, 2006
Edice:Учебники Томского политехнического университета
Témata:
Médium: MixedMaterials Kniha
KOHA link:https://koha.lib.tpu.ru/cgi-bin/koha/opac-detail.pl?biblionumber=113599

MARC

LEADER 00000nam0a2200000 4500
001 113599
005 20250225063227.0
035 |a (RuTPU)RU\TPU\book\122861 
090 |a 113599 
100 |a 20070413d2006 m y0rusy50 ca 
101 0 |a rus 
102 |a RU 
105 |a y j 001zy 
200 1 |a Методы математической физики. Асимптотические методы в релятивистской квантовой механике  |e учебное пособие  |f В. Г. Багров, В. В. Белов, А. Ю. Трифонов  |g Томский политехнический университет; Томский государственный университет 
210 |a Томск  |c Изд-во ТПУ  |d 2006 
215 |a 218 с. 
225 1 |a Учебники Томского политехнического университета 
320 |a Библиогр.: с. 206-214. 
330 |a Настоящее пособие представляет собой дополнительные главы курса «Методы математической физики» и содержит материал по специальным разделам этого курса: методу канонического оператора Маслова, комплексному методу ВКБ-Маслова и его приложениям к релятивистской квантовой механике. Предлагаемое пособие может быть полезно студентам старших курсов, магистрантам и аспирантам, специализирующимся в области теоретической и математической физики. 
610 1 |a математическая физика 
610 1 |a релятивистская квантовая механика 
610 1 |a релятивистские волновые уравнения 
610 1 |a квазиклассически сосредоточенные состояния 
610 1 |a искривленное пространство-время 
610 1 |a калибровочные поля 
610 1 |a спонтанное излучение 
610 1 |a квазиклассическое траекторно-когерентное приближение 
610 1 |a оператор Дирака 
610 1 |a квазиклассические спектральные серии 
610 1 |a уравнение Дирака 
610 1 |a учебные пособия 
675 |a 53:51(075.8)  |v 3 
675 |a 530.145.6(075.8)  |v 3 
700 1 |a Багров  |b В. Г.  |c физик  |c профессор Томского государственного университета  |f 1938-  |g Владислав Гаврилович  |2 stltpush  |3 (RuTPU)RU\TPU\pers\19767 
701 1 |a Белов  |b В. В.  |g Владимир Владимирович 
701 1 |a Трифонов  |b А. Ю.  |c физик, математик  |c профессор Томского политехнического университета, доктор физико-математических наук  |f 1963-  |g Андрей Юрьевич  |2 stltpush  |3 (RuTPU)RU\TPU\pers\22013 
712 0 2 |a Томский политехнический университет  |z 1991-  |2 stltpush  |3 (RuTPU)RU\TPU\col\376 
712 0 2 |a Томский государственный университет  |c 1917-2009  |7 ca  |8 rus  |2 stltpush  |3 (RuTPU)RU\TPU\col\397  |9 23396 
712 0 2 |a Институт естественных наук и экологии (ИНЕСНЭК)  |c (Москва)  |2 stltpush  |3 (RuTPU)RU\TPU\col\6462 
712 0 2 |a Московский государственный институт электроники и математики (технический университет)  |2 stltpush  |3 (RuTPU)RU\TPU\col\6461 
801 1 |a RU  |b 63413507  |c 20070413  |g PSBO 
801 2 |a RU  |b 63413507  |c 20201201  |g PSBO 
900 |a Методы математической физики 
942 |c BK 
951 |b 010200